<?xml version="1.0" encoding="UTF-8"?>
<record
    xmlns:xsi="http://www.w3.org/2001/XMLSchema-instance"
    xsi:schemaLocation="http://www.loc.gov/MARC21/slim http://www.loc.gov/standards/marcxml/schema/MARC21slim.xsd"
    xmlns="http://www.loc.gov/MARC21/slim">

  <leader>00855nam a22002657a 4500</leader>
  <controlfield tag="005">20241204115550.0</controlfield>
  <datafield tag="010" ind1=" " ind2=" ">
    <subfield code="a">ENG-120757 ENG-142783</subfield>
  </datafield>
  <datafield tag="020" ind1=" " ind2=" ">
    <subfield code="a">9789352605781</subfield>
    <subfield code="c">530.00</subfield>
  </datafield>
  <datafield tag="020" ind1=" " ind2=" ">
    <subfield code="a">9789355328274</subfield>
    <subfield code="c">810.00</subfield>
  </datafield>
  <datafield tag="020" ind1=" " ind2=" ">
    <subfield code="a">9352605780</subfield>
    <subfield code="c">530.00</subfield>
  </datafield>
  <datafield tag="035" ind1=" " ind2=" ">
    <subfield code="a">EN-104289</subfield>
  </datafield>
  <datafield tag="035" ind1=" " ind2=" ">
    <subfield code="a">EN-126315</subfield>
  </datafield>
  <datafield tag="037" ind1=" " ind2=" ">
    <subfield code="b">DBAD</subfield>
  </datafield>
  <datafield tag="082" ind1=" " ind2=" ">
    <subfield code="a">808.0666</subfield>
  </datafield>
  <datafield tag="100" ind1=" " ind2=" ">
    <subfield code="a">Rizvi, M.Ashraf</subfield>
    <subfield code="9">74653</subfield>
  </datafield>
  <datafield tag="245" ind1=" " ind2=" ">
    <subfield code="a">Effective technical communication /</subfield>
    <subfield code="c">by M.Ashraf Rizvi [and] Priyadarshi Patnaik </subfield>
  </datafield>
  <datafield tag="250" ind1=" " ind2=" ">
    <subfield code="a">2,3</subfield>
  </datafield>
  <datafield tag="260" ind1=" " ind2=" ">
    <subfield code="a">Noida</subfield>
    <subfield code="b">McGraw Hill education</subfield>
    <subfield code="c">2018,2024</subfield>
  </datafield>
  <datafield tag="270" ind1=" " ind2=" ">
    <subfield code="a">B-4, Sector-63,Dist. Gautam Budh Nagar</subfield>
    <subfield code="b">Noida,(UP)</subfield>
    <subfield code="e">201301</subfield>
  </datafield>
  <datafield tag="300" ind1=" " ind2=" ">
    <subfield code="a">xv,610p.:</subfield>
    <subfield code="b">ill.</subfield>
    <subfield code="c">24.5cm(pbk)</subfield>
  </datafield>
  <datafield tag="300" ind1=" " ind2=" ">
    <subfield code="a">xxvi,563p.</subfield>
    <subfield code="b">ill.</subfield>
    <subfield code="c">24.5cm(pb)</subfield>
  </datafield>
  <datafield tag="500" ind1=" " ind2=" ">
    <subfield code="a">Includes index</subfield>
  </datafield>
  <datafield tag="700" ind1=" " ind2=" ">
    <subfield code="a">Patnaik, Priyadarshi </subfield>
    <subfield code="e">Author</subfield>
    <subfield code="9">74654</subfield>
  </datafield>
  <datafield tag="942" ind1=" " ind2=" ">
    <subfield code="2">ddc</subfield>
    <subfield code="c">EN</subfield>
    <subfield code="h">808.0666</subfield>
    <subfield code="m">RIZ</subfield>
  </datafield>
  <datafield tag="999" ind1=" " ind2=" ">
    <subfield code="c">146274</subfield>
    <subfield code="d">146274</subfield>
  </datafield>
  <datafield tag="952" ind1=" " ind2=" ">
    <subfield code="0">0</subfield>
    <subfield code="1">0</subfield>
    <subfield code="4">0</subfield>
    <subfield code="7">0</subfield>
    <subfield code="8">NFIC</subfield>
    <subfield code="a">AV</subfield>
    <subfield code="b">AV</subfield>
    <subfield code="d">2017-10-09</subfield>
    <subfield code="e">DBAD/PUB</subfield>
    <subfield code="g">530.00</subfield>
    <subfield code="l">0</subfield>
    <subfield code="o">808.0666 RIZ</subfield>
    <subfield code="p">EN-104289</subfield>
    <subfield code="r">2017-10-09 00:00:00</subfield>
    <subfield code="t">1</subfield>
    <subfield code="v">530.00</subfield>
    <subfield code="y">EN</subfield>
  </datafield>
  <datafield tag="952" ind1=" " ind2=" ">
    <subfield code="0">0</subfield>
    <subfield code="1">0</subfield>
    <subfield code="4">0</subfield>
    <subfield code="7">0</subfield>
    <subfield code="8">NFIC</subfield>
    <subfield code="a">DBAD</subfield>
    <subfield code="b">DBAD</subfield>
    <subfield code="d">2024-12-04</subfield>
    <subfield code="e">Delivery of Books Act Division</subfield>
    <subfield code="g">810.00</subfield>
    <subfield code="l">0</subfield>
    <subfield code="o">808.0666 RIZ</subfield>
    <subfield code="p">EN-126315</subfield>
    <subfield code="r">2024-12-04 00:00:00</subfield>
    <subfield code="t">1</subfield>
    <subfield code="v">810.00</subfield>
    <subfield code="w">2024-12-04</subfield>
    <subfield code="y">EN</subfield>
  </datafield>
</record>
